000 00289nam a22001337a 4500
003 SGT
082 _a618.2
_bO12C
100 _aCHIGWEDERE, CRAIG
245 _aOVERCOMING OBSTACLES IN CBT
260 _aANGELES
_bSAGE
_c2012
300 _a230
650 _aPSYCHOLOGY
942 _2ddc
_cBK
999 _c13940
_d13940